| 000 | 00661nam a2200181Ia 4500 | ||
|---|---|---|---|
| 008 | 090122s9999 xx 000 0 und d | ||
| 082 |
_b1561 _a891.465 |
||
| 100 |
_aगोविलकर _bली _cना |
||
| 245 | _aमराठीचे व्याकरण | ||
| 260 |
_bस्वाध्याय महाविद्यालय _c1974 |
||
| 300 | _a267 | ||
| 501 | _aदेणगी - श्री भवसार यांजकडून | ||
| 600 | _aगोविलकर | ||
| 630 | _aमराठीचे व्याकरण | ||
| 700 | _aगोविलकर | ||
| 730 | _aमराठीचे व्याकरण | ||
| 942 | _cBOOK | ||
| 999 |
_c25639 _d25639 |
||